| 000 | 00634nam a22001697a 4500 | ||
|---|---|---|---|
| 999 |
_c62885 _d62885 |
||
| 003 | Ge_BSU | ||
| 005 | 20250314164211.0 | ||
| 008 | 250314s2000 ge ||||| |||| 00| 0 geo d | ||
| 041 | _ageo | ||
| 080 | _a616.33-073.75 თ-42 | ||
| 245 |
_aრენტგენოლოგია : _bდამხმარე სახ-ლო სამედიცინო ინ-ტის სტუდენტებისათვის / _cთსუ. |
||
| 264 |
_aთბილისი, _c2000. |
||
| 300 |
_a165 გვ.; _b21 სმ. |
||
| 653 | _aრენტგენოლოგია | ||
| 653 | _aმედიცინა | ||
| 942 |
_2udc _cBK |
||